| 000 | 01031nam a2200277 i 4500 | ||
|---|---|---|---|
| 001 | 12605 | ||
| 003 | ES-MaACL | ||
| 005 | 20230906150346.0 | ||
| 007 | t| | ||
| 008 | 970812s1995 sp |||| | spa d | ||
| 020 | _a84-920919-0-8 | ||
| 080 | _a347.191.12(460)(094.5) | ||
| 080 | _a336.2.025.33:351.713(460) | ||
| 080 | _a351.713(460):336.2.025.33 | ||
| 245 | 0 | 0 | _aManual práctico de la Ley 30/1994 de fundaciones y de incentivos fiscales. |
| 260 |
_a[Madrid] : _bConfederación Española de Fundaciones, _cD.L. 1995. |
||
| 300 |
_a198 p. ; _c23 cm. |
||
| 490 | 1 |
_aTercer sector ; _v1 |
|
| 650 | 1 | 4 |
_aFundaciones- _xEspaña. _913016 |
| 650 | 1 | 4 |
_aOrganizaciones no lucrativas- _xImpuestos- _zEspaña. _915765 |
| 710 | 2 |
_aConfederación Española de Fundaciones. _93154 |
|
| 710 | 1 |
_aEspaña. _tLey de fundaciones y de incentivos fiscales a la participación privada en actividades de interés general, 1994. _9168721 |
|
| 830 | 0 |
_aTercer sector ; _v1 _9228316 |
|
| 852 |
_aES-MaACL _jL-19883 |
||
| 999 |
_c12605 _d12605 |
||